Hareket bozuklukları : Unutulmaz vakalar/ (Record no. 200442917)
[ view plain ]
| 000 -LEADER | |
|---|---|
| fixed length control field | 00806cam a2200253 i 4500 |
| 001 - CONTROL NUMBER | |
| control field | 200442917 |
| 003 - CONTROL NUMBER IDENTIFIER | |
| control field | TR-AnTOB |
| 005 - DATE AND TIME OF LATEST TRANSACTION | |
| control field | 20240716150848.0 |
| 007 - PHYSICAL DESCRIPTION FIXED FIELD--GENERAL INFORMATION | |
| fixed length control field | ta |
| 008 - FIXED-LENGTH DATA ELEMENTS--GENERAL INFORMATION | |
| fixed length control field | 210813s2013 tu 000 0 tur d |
| 020 ## - INTERNATIONAL STANDARD BOOK NUMBER | |
| International Standard Book Number | 9786056367809 |
| 040 ## - CATALOGING SOURCE | |
| Original cataloging agency | TR-AnTOB |
| Language of cataloging | eng |
| Transcribing agency | TR-AnTOB |
| Description conventions | rda |
| Modifying agency | TR-AnTOB |
| 041 0# - LANGUAGE CODE | |
| Language code of text/sound track or separate title | Türkçe |
| 060 ## - NATIONAL LIBRARY OF MEDICINE CALL NUMBER | |
| Classification number | WL 385 |
| Item number | .H3819 2013 |
| 096 ## - LOCALLY ASSIGNED NLM-TYPE CALL NUMBER (OCLC) | |
| Classification number | WL385 |
| Item number | .H3819 2013 |
| 245 00 - TITLE STATEMENT | |
| Title | Hareket bozuklukları : Unutulmaz vakalar/ |
| Statement of responsibility, etc. | editör : Hubert H. Fernandez, Marcelo Merello ; çeviri editörleri : Haşmet A. Hanağası, Gürdal Şahin. |
| 264 ## - PRODUCTION, PUBLICATION, DISTRIBUTION, MANUFACTURE, AND COPYRIGHT NOTICE | |
| Place of production, publication, distribution, manufacture | Bursa : |
| Name of producer, publisher, distributor, manufacturer | AKMAT Bursa, |
| Date of production, publication, distribution, manufacture, or copyright notice | 2013. |
| 300 ## - PHYSICAL DESCRIPTION | |
| Extent | 310 pages ; |
| Other physical details | illustrations |
| 336 ## - CONTENT TYPE | |
| Source | rdacontent |
| Content type term | text |
| Content type code | txt |
| 337 ## - MEDIA TYPE | |
| Source | rdamedia |
| Media type term | unmediated |
| Media type code | n |
| 338 ## - CARRIER TYPE | |
| Source | rdacarrier |
| Carrier type term | volume |
| Carrier type code | nc |
| 942 ## - ADDED ENTRY ELEMENTS (KOHA) | |
| Source of classification or shelving scheme | National Library of Medicine |
| Koha item type | Book |
| Withdrawn status | Lost status | Source of classification or shelving scheme | Not for loan | Collection code | Home library | Current library | Shelving location | Date acquired | Source of acquisition | Inventory number | Total Checkouts | Full call number | Barcode | Date last seen | Copy number | Date shelved | Koha item type | Materials specified (bound volume or other part) |
|---|---|---|---|---|---|---|---|---|---|---|---|---|---|---|---|---|---|---|
| National Library of Medicine | Ödünç Verilemez-Kurumiçi kullanım / Not for loan-For inhouse use | Tıp Koleksiyonu | Tıp Fakültesi Medikal Kütüphane | TOBB ETÜ Memorial Afiliasyon Kütüphanesi | Tıp Koleksiyonu / Medical Collection | 15/04/2021 | Bağış / Donation | TIP | WL 385 H3819 2013 MemAfK | TF00077 | 13/08/2021 | 1 | 13/08/2021 | Book | ||||
| National Library of Medicine | Ödünç Verilemez-Kurumiçi kullanım / Not for loan-For inhouse use | Tıp Koleksiyonu | Tıp Fakültesi Medikal Kütüphane | TOBB ETÜ Memorial Afiliasyon Kütüphanesi | Tıp Koleksiyonu / Medical Collection | 15/04/2021 | Bağış / Donation | TIP | WL 385 H3819 2013 c.2 MemAfK | TF00078 | 13/08/2021 | 1 | 13/08/2021 | Book | c.2 | |||
| National Library of Medicine | Ödünç Verilemez-Kurumiçi kullanım / Not for loan-For inhouse use | Tıp Koleksiyonu | Tıp Fakültesi Medikal Kütüphane | Tıp Fakültesi Medikal Kütüphane | Tıp Koleksiyonu / Medical Collection | 16/07/2024 | Bağış / Donation | WL 385 H3819 2013 c.3 TıpFaK | 16/07/2024 | 1 | 16/07/2024 | Book | c.3 |
